000 00265nam a22000977a 4500
008 160507b xxu||||| |||| 00| 0 eng d
041 _aeng
080 _a573
245 _aBiologykonceptas connections:
_cNeil A.Campbell;Jane B. Reece; Martha R.Taylor;
942 _2udc
_cBK
999 _c1882
_d1882